00441nam a2200157 a 450000100060000000300090000600800410001504000280005608200180008410000330010224500210013526000620015630000110021849000320022965000220026111297CO-ViMGA141112s2004 ck r 000 u spa d aCO-ViMGAbspacCO-ViMGA04aCo863.6 A59tl1 aAlvarez Gardeazabal, Gustavo10aLa tara del papa aBuenos Aires, cCompañia general fabril editora, c1972 a169 p. aNarrativa Latinoaméricana14aNOVELA COLOMBIANA